| 000 | 00398 a2200169 4500 | ||
|---|---|---|---|
| 003 | OSt | ||
| 005 | 20180116182634.0 | ||
| 008 | 160502b xxu||||| |||| 00| 0 eng d | ||
| 040 | _c0 | ||
| 082 | _a330.015195 MAD | ||
| 100 | _aG. S. Maddala. | ||
| 245 | _aIntroduction to Econometrics. | ||
| 250 | _a3rd Ed | ||
| 256 | _awiley india | ||
| 260 | _c2005 | ||
| 942 |
_aNBS _cBK _k330.015195 MAD _2ddc |
||
| 999 |
_c343173 _d343173 |
||